| 000 | 00521nam a22001937a 4500 | ||
|---|---|---|---|
| 003 | CEME | ||
| 005 | 20210628203318.0 | ||
| 008 | 210127b xxu||||| |||| 00| 0 eng d | ||
| 020 | _a9812-53-016-9 | ||
| 040 | _c. | ||
| 082 | _a658.16 DAL | ||
| 100 |
_aDalrymple, Douglas J:Cron, William L:Decarlo, Thomas.E _964640 |
||
| 245 | _aSales management;conceots and cases | ||
| 250 | _a7TH | ||
| 260 |
_aNEW YORK _bJOHN WILEY & SONS _c2003 |
||
| 300 | _aXVII,585P | ||
| 650 |
_aSALES MANAGEMENT _957538 |
||
| 942 |
_cBK _2ddc |
||
| 999 |
_c573071 _d573071 |
||